[Event "106th British-ch Major 2019"]
[Site "Torquay"]
[Date "2019.07.27"]
[Round "1.33"]
[White "Cowan, Richard M"]
[Black "Renshaw, Lucas"]
[Result "0-1"]
[WhiteElo "1931"]
[BlackElo "1596"]
[Annotator "NA RC"]
[PlyCount "178"]
[EventDate "2019.07.27"]
[EventType "swiss"]
[EventCountry "GBR"]
[SourceTitle "playchess.com"]
[Source "ChessBase"]
[SourceQuality "1"]
[TimeControl "40/5400+30:1800+30"]

1. Nf3 {[%emt 0:00:00]} Nf6 {[%emt 0:00:19]} 2. c4 {[%emt 0:00:00]} e6 {[%emt 0:00:54]} 3. g3 {[%emt 0:00:15]} d5 {[%emt 0:00:15]} 4. Bg2 {[%emt 0:00:44]} c5 {[%emt 0:00:21]} 5. O-O {[%emt 0:01:33]} Nc6 {[%emt 0:01:13]} 6. e3 {[%emt 0:02:20]} Bd6 {[%emt 0:02:02]} 7. b3 {[%emt 0:06:15]} d4 {[%emt 0:04:15]} 8. exd4 {[%emt 0:13:21]} cxd4 {[%emt 0:01:20]} 9. Bb2 {[%emt 0:00:17]} e5 {[%emt 0:08:10]} 10. d3 {[%emt 0:02:36]} Bf5 {[%emt 0:05:08]} 11. Re1 {[%emt 0:04:47]} O-O {[%emt 0:02:55]} 12. c5 {[%emt 0:09:14]} Bc7 {[%emt 0:18:15]} 13. Na3 {[%emt 0:03:14]} Be6 {[%emt 0:07:21]} 14. Rc1 {[%emt 0:05:24]} Nd7 {[%emt 0:05:58]} 15. Nb5 {[%emt 0:02:14]} Bd5 {[%emt 0:02:48]} 16. Nxc7 {[%emt 0:05:16]} Qxc7 {[%emt 0:00:20]} 17. Nxe5 {[%emt 0:00:23]} Bxb3 {[%emt 0:03:39]} 18. Qxb3 {[%emt 0:00:29]} Ndxe5 {[%emt 0:00:17]} 19. h3 {[%emt 0:05:12]} Rfd8 {[%emt 0:03:19]} 20. f4 {[%emt 0:00:41]} Ng6 {[%emt 0:02:54]} 21. Qd1 {[%emt 0:03:45]} Nb4 {[%emt 0:02:47]} 22. Qb3 {[%emt 0:04:30]} Nc6 {[%emt 0:00:11]} 23. a3 {[%emt 0:00:10]} Nge7 {[%emt 0:01:02]} 24. Rc2 {[%emt 0:02:33]} Nf5 {[%emt 0:01:52]} 25. Kh2 {[%emt 0:07:34]} Re8 {[%emt 0:03:49]} 26. Be4 {[%emt 0:00:24]} Re7 {[%emt 0:04:24]} 27. Bc1 {[%emt 0:00:35]} Rae8 {[%emt 0:01:31]} 28. Rce2 {[%emt 0:00:19]} Kf8 {[%emt 0:00:39]} 29. Qd5 {[%emt 0:00:21]} g6 {[%emt 0:02:04]} 30. g4 {[%emt 0:00:58]} Ne3 {[%emt 0:01:05]} 31. Bxe3 {[%emt 0:00:13]} dxe3 {[%emt 0:00:05]} 32. Kg2 {[%emt 0:06:20]} Qxf4 {[%emt 0:02:45]} 33. Rf1 {[%emt 0:00:06]} Qe5 {[%emt 0:00:39]} 34. Qxe5 {[%emt 0:00:06]} Rxe5 {[%emt 0:01:20]} 35. Rxe3 {[%emt 0:00:31]} Rxc5 {[%emt 0:00:14]} 36. Ref3 {[%emt 0:00:05]} Re7 {[%emt 0:02:13]} 37. Rf6 {[%emt 0:02:06]} Kg7 {[%emt 0:02:16]} 38. Kg3 {[%emt 0:01:51]} Rc3 {[%emt 0:00:54]} 39. Kg2 {[%emt 0:02:51]} Rxa3 {[%emt 0:02:45]} 40. Bd5 {[%emt 0:00:24]} Nd8 {[%emt 0:01:58]} 41. Rd6 {[%emt 0:31:43]} Ne6 {[%emt 0:33:15]} 42. Bc4 {[%emt 0:01:24]} a6 {[%emt 0:00:00]} 43. Rb6 {[%emt 0:00:00]} Nc5 {[%emt 0:00:00]} 44. d4 {[%emt 0:00:00]} Ne4 {[%emt 0:00:00]} 45. Bd5 {[%emt 0:00:00]} Ng5 {[%emt 0:00:00]} 46. h4 {[%emt 0:00:00]} Re2+ {[%emt 0:00:00]} 47. Rf2 {[%emt 0:00:00]} Rxf2+ {[%emt 0:00:00]} 48. Kxf2 {[%emt 0:00:00]} Nh3+ {[%emt 0:00:00]} 49. Ke1 {[%emt 0:00:00]} Nf4 {[%emt 0:01:09]} 50. Bxb7 {[%emt 0:00:00]} a5 {[%emt 0:00:36]} 51. d5 {[%emt 0:00:00]} Rd3 {[%emt 0:01:42]} 52. d6 {[%emt 0:00:00]} a4 {[%emt 0:00:29]} 53. Bc8 {[%emt 0:00:00]} a3 {[%emt 0:00:43]} 54. d7 {[%emt 0:00:00]} Kf8 {[%emt 0:00:58]} 55. Rb3 {[%emt 0:00:00]} Ke7 {[%emt 0:01:18]} 56. Rb4 {[%emt 0:01:12]} a2 {[%emt 0:00:40]} 57. Ra4 {[%emt 0:01:49]} Rh3 {[%emt 0:00:37]} 58. Rxa2 {[%emt 0:01:00]} Rh1+ {[%emt 0:00:03]} 59. Kf2 {[%emt 0:00:40]} Rh2+ {[%emt 0:00:01]} 60. Kg3 {[%emt 0:00:05]} Rxa2 {[%emt 0:00:11]} 61. Kxf4 {[%emt 0:00:04]} Ra5 {[%emt 0:00:25]} 62. Kf3 {[%emt 0:01:38]} h6 {[%emt 0:00:27]} 63. Kf4 {[%emt 0:00:28]} f6 {[%emt 0:00:20]} 64. Kf3 {[%emt 0:00:12]} Ra4 {[%emt 0:00:04]} 65. Kg3 {[%emt 0:00:18]} Kd8 {[%emt 0:00:33]} 66. Kf3 {[%emt 0:00:06]} g5 {[%emt 0:00:38]} 67. hxg5 {[%emt 0:00:36]} hxg5 {[%emt 0:00:10]} 68. Kg3 {[%emt 0:00:30]} Ra3+ {[%emt 0:00:07]} 69. Kf2 {[%emt 0:00:29]} Rd3 {[%emt 0:01:03]} 70. Kg2 {[%emt 0:00:23]} Ke7 {[%emt 0:01:02]} 71. Kf2 {[%emt 0:00:10]} Kf7 {[%emt 0:00:31]} 72. Ke2 {[%emt 0:00:47]} Rd6 {[%emt 0:00:28]} 73. Ke3 {[%emt 0:00:14]} Ke7 {[%emt 0:00:41]} 74. Ke4 {[%emt 0:02:54]} Rb6 {[%emt 0:00:19]} 75. Kf5 {[%emt 0:01:47]} Rb5+ {[%emt 0:00:39]} 76. Kg6 {[%emt 0:00:20]} Rd5 {[%emt 0:00:18]} 77. Kg7 {[%emt 0:00:33]} Rd6 {[%emt 0:01:32]} 78. Kg6 {[%emt 0:00:12]} Kd8 {[%emt 0:00:17]} 79. Kf5 {[%emt 0:00:24]} Rd4 {[%emt 0:01:06]} 80. Kxf6 {[%emt 0:03:02]} Rxg4 {[%emt 0:00:06]} 81. Kf5 {[%emt 0:00:04]} Rg1 {[%emt 0:00:15]} 82. Ke4 {[%emt 0:00:23]} Rf1 {[%emt 0:00:08]} 83. Ba6 {[%emt 0:00:28]} Rf4+ {[%emt 0:00:15]} 84. Ke5 {[%emt 0:00:37]} Kxd7 {[%emt 0:00:06]} 85. Bb7 {[%emt 0:00:17]} Ke7 {[%emt 0:00:11]} 86. Bc6 {[%emt 0:00:12]} Rf8 {[%emt 0:00:08]} 87. Bb7 {[%emt 0:00:49]} g4 {[%emt 0:00:05]} 88. Ke4 {[%emt 0:00:23]} g3 {[%emt 0:00:06]} 89. Ke3 {[%emt 0:00:08]} Rf2 {[%emt 0:00:26]} 0-1

[Event "106th British-ch Major 2019"]
[Site "Torquay"]
[Date "2019.07.27"]
[Round "1.34"]
[White "Robertson, Jim"]
[Black "Hosdurga, Chirag"]
[Result "1-0"]
[WhiteElo "1580"]
[BlackElo "1926"]
[Annotator "NA"]
[PlyCount "93"]
[EventDate "2019.07.27"]
[EventType "swiss"]
[EventCountry "GBR"]
[SourceTitle "playchess.com"]
[Source "ChessBase"]
[SourceQuality "1"]
[TimeControl "40/5400+30:1800+30"]

1. d4 {[%emt 0:00:00]} Nf6 {[%emt 0:00:00]} 2. e3 {[%emt 0:00:00]} c5 {[%emt 0:00:00]} 3. f4 {[%emt 0:00:16]} d5 {[%emt 0:00:11]} 4. c3 {[%emt 0:00:15]} Bf5 {[%emt 0:00:40]} 5. Bd3 {[%emt 0:00:52]} Bxd3 {[%emt 0:00:19]} 6. Qxd3 {[%emt 0:00:00]} Qc8 {[%emt 0:01:51]} 7. Nf3 {[%emt 0:00:52]} e6 {[%emt 0:00:15]} 8. O-O {[%emt 0:01:48]} Be7 {[%emt 0:00:38]} 9. Nbd2 {[%emt 0:03:08]} O-O {[%emt 0:00:29]} 10. b3 {[%emt 0:00:49]} Nc6 {[%emt 0:00:45]} 11. Bb2 {[%emt 0:00:25]} Rd8 {[%emt 0:01:27]} 12. Ne5 {[%emt 0:03:19]} Rb8 {[%emt 0:04:35]} 13. a4 {[%emt 0:02:56]} Ne8 {[%emt 0:08:20]} 14. dxc5 {[%emt 0:11:55]} Bxc5 {[%emt 0:01:17]} 15. b4 {[%emt 0:00:33]} Bf8 {[%emt 0:01:16]} 16. a5 {[%emt 0:00:38]} Nf6 {[%emt 0:04:44]} 17. Qe2 {[%emt 0:04:22]} Qc7 {[%emt 0:03:27]} 18. Ng4 {[%emt 0:00:50]} Be7 {[%emt 0:08:56]} 19. Nb3 {[%emt 0:02:00]} a6 {[%emt 0:06:52]} 20. Nd4 {[%emt 0:03:46]} Ne4 {[%emt 0:01:00]} 21. f5 {[%emt 0:08:23]} e5 {[%emt 0:04:34]} 22. Nxc6 {[%emt 0:10:04]} bxc6 {[%emt 0:00:15]} 23. Qxa6 {[%emt 0:06:44]} h5 {[%emt 0:00:44]} 24. f6 {[%emt 0:02:29]} Bd6 {[%emt 0:02:10]} 25. Nf2 {[%emt 0:06:08]} Nxf6 {[%emt 0:01:47]} 26. Qe2 {[%emt 0:00:29]} e4 {[%emt 0:01:34]} 27. h3 {[%emt 0:10:31]} Be5 {[%emt 0:01:48]} 28. g4 {[%emt 0:00:53]} h4 {[%emt 0:03:10]} 29. g5 {[%emt 0:00:52]} Nh7 {[%emt 0:00:11]} 30. Qg4 {[%emt 0:01:17]} f6 {[%emt 0:04:44]} 31. gxf6 {[%emt 0:01:49]} Bxf6 {[%emt 0:00:07]} 32. Nh1 {[%emt 0:02:55]} Ng5 {[%emt 0:01:25]} 33. Rxf6 {[%emt 0:05:35]} gxf6 {[%emt 0:00:58]} 34. c4 {[%emt 0:01:11]} Kf7 {[%emt 0:01:21]} 35. Rf1 {[%emt 0:03:15]} Nf3+ {[%emt 0:01:03]} 36. Rxf3 {[%emt 0:01:06]} exf3 {[%emt 0:00:57]} 37. Qh5+ {[%emt 0:00:08]} Kg8 {[%emt 0:02:58]} 38. Bxf6 {[%emt 0:01:01]} Rd7 {[%emt 0:00:46]} 39. Qh8+ {[%emt 0:01:05]} Kf7 {[%emt 0:00:09]} 40. Qxh4 {[%emt 0:02:22]} Rg8+ {[%emt 0:04:06]} 41. Bg5 {[%emt 0:03:33]} Qe5 {[%emt 0:10:28]} 42. Qh5+ {[%emt 0:13:59]} Rg6 {[%emt 0:00:20]} 43. Qxf3+ {[%emt 0:00:12]} Kg7 {[%emt 0:00:10]} 44. h4 {[%emt 0:01:09]} Rf7 {[%emt 0:04:07]} 45. Qh3 {[%emt 0:03:47]} dxc4 {[%emt 0:01:02]} 46. Ng3 {[%emt 0:00:26]} Qxe3+ {[%emt 0:00:18]} 47. Bxe3 {[%emt 0:00:12]} 1-0

[Event "106th British-ch Major 2019"]
[Site "Torquay"]
[Date "2019.07.27"]
[Round "1.35"]
[White "Rogacewicz, Mikolaj"]
[Black "Hussain, Adam"]
[Result "1-0"]
[WhiteElo "1925"]
[BlackElo "1515"]
[Annotator "NA"]
[PlyCount "53"]
[EventDate "2019.07.27"]
[EventType "swiss"]
[EventCountry "GBR"]
[SourceTitle "playchess.com"]
[Source "ChessBase"]
[SourceQuality "1"]
[TimeControl "40/5400+30:1800+30"]

1. d4 {[%emt 0:06:37]} Nf6 {[%emt 0:00:00]} 2. c4 {[%emt 0:00:05]} c5 {[%emt 0:00:00]} 3. d5 {[%emt 0:00:30]} b5 {[%emt 0:00:10]} 4. cxb5 {[%emt 0:00:30]} a6 {[%emt 0:00:30]} 5. bxa6 {[%emt 0:00:30]} g6 {[%emt 0:00:30]} 6. Nc3 {[%emt 0:00:30]} Bg7 {[%emt 0:00:30]} 7. Nf3 {[%emt 0:00:30]} O-O {[%emt 0:00:30]} 8. g3 {[%emt 0:00:30]} d6 {[%emt 0:00:30]} 9. Bg2 {[%emt 0:00:30]} Nxa6 {[%emt 0:00:30]} 10. O-O {[%emt 0:00:30]} Qc7 {[%emt 0:00:30]} 11. h3 {[%emt 0:00:30]} Bb7 {[%emt 0:00:30]} 12. Nd2 {[%emt 0:00:30]} Rfb8 {[%emt 0:00:30]} 13. Nc4 {[%emt 0:00:30]} Nd7 {[%emt 0:00:30]} 14. Bg5 {[%emt 0:00:30]} Nb6 {[%emt 0:00:30]} 15. Nb5 {[%emt 0:00:30]} Qd8 {[%emt 0:00:30]} 16. Nbxd6 {[%emt 0:00:30]} Nxc4 {[%emt 0:00:30]} 17. Nxc4 {[%emt 0:00:30]} Nb4 {[%emt 0:00:30]} 18. d6 {[%emt 0:00:30]} Bxg2 {[%emt 0:00:30]} 19. Bxe7 {[%emt 0:00:30]} Bxf1 {[%emt 0:00:30]} 20. Bxd8 {[%emt 0:00:30]} Bxe2 {[%emt 0:00:30]} 21. Qxe2 {[%emt 0:48:10]} Rxd8 {[%emt 0:25:18]} 22. d7 {[%emt 0:08:50]} Nxa2 {[%emt 0:02:02]} 23. Rxa2 {[%emt 0:00:30]} Rxa2 {[%emt 0:00:30]} 24. Qe8+ {[%emt 0:00:04]} Rxe8 {[%emt 0:00:49]} 25. dxe8=Q+ {[%emt 0:00:17]} Bf8 {[%emt 0:00:01]} 26. Ne5 {[%emt 0:00:30]} Ra7 {[%emt 0:00:30]} 27. Nd7 {[%emt 0:00:30]} 1-0

[Event "106th British-ch Major 2019"]
[Site "Torquay"]
[Date "2019.07.28"]
[Round "2.1"]
[White "Rushbrooke, Remy"]
[Black "Clarke, Brandon Gi"]
[Result "0-1"]
[WhiteElo "1963"]
[BlackElo "2433"]
[Annotator "NA"]
[PlyCount "64"]
[EventDate "2019.07.27"]
[EventType "swiss"]
[EventCountry "GBR"]
[SourceTitle "playchess.com"]
[Source "ChessBase"]
[SourceQuality "1"]
[TimeControl "40/5400+30:1800+30"]

1. d4 {[%emt 0:00:00]} Nf6 {[%emt 0:00:00]} 2. Nf3 {[%emt 0:00:00]} g6 {[%emt 0:00:00]} 3. g3 {[%emt 0:00:00]} Bg7 {[%emt 0:00:00]} 4. Bg2 {[%emt 0:00:07]} O-O {[%emt 0:00:00]} 5. c4 {[%emt 0:00:10]} d6 {[%emt 0:00:06]} 6. Nc3 {[%emt 0:00:05]} Nbd7 {[%emt 0:01:43]} 7. O-O {[%emt 0:00:13]} e5 {[%emt 0:00:03]} 8. e4 {[%emt 0:00:25]} c6 {[%emt 0:00:11]} 9. h3 {[%emt 0:00:05]} Qb6 {[%emt 0:00:19]} 10. c5 {[%emt 0:01:24]} dxc5 {[%emt 0:00:13]} 11. dxe5 {[%emt 0:00:03]} Ne8 {[%emt 0:00:15]} 12. Na4 {[%emt 0:00:29]} Qc7 {[%emt 0:23:31]} 13. e6 {[%emt 0:11:25]} fxe6 {[%emt 0:01:08]} 14. Ng5 {[%emt 0:00:41]} Qe5 {[%emt 0:09:13]} 15. Qb3 {[%emt 0:11:39]} b5 {[%emt 0:03:22]} 16. Nc3 {[%emt 0:03:33]} c4 {[%emt 0:02:15]} 17. Qc2 {[%emt 0:03:10]} Nb6 {[%emt 0:31:57]} 18. Be3 {[%emt 0:04:58]} Qc7 {[%emt 0:11:57]} 19. Bc5 {[%emt 0:16:15]} Rf6 {[%emt 0:04:43]} 20. b4 {[%emt 0:09:53]} cxb3 {[%emt 0:06:01]} 21. axb3 {[%emt 0:03:10]} e5 {[%emt 0:00:10]} 22. h4 {[%emt 0:09:14]} h6 {[%emt 0:00:25]} 23. Nf3 {[%emt 0:00:41]} Rf7 {[%emt 0:01:14]} 24. Qd2 {[%emt 0:03:38]} Be6 {[%emt 0:00:53]} 25. Be3 {[%emt 0:00:51]} Rd8 {[%emt 0:01:49]} 26. Qc1 {[%emt 0:00:21]} Kh7 {[%emt 0:00:14]} 27. h5 {[%emt 0:00:11]} gxh5 {[%emt 0:00:13]} 28. Nh4 {[%emt 0:02:39]} Nf6 {[%emt 0:00:14]} 29. Nf5 {[%emt 0:07:42]} Ng4 {[%emt 0:01:24]} 30. Bh3 {[%emt 0:00:39]} Bxf5 {[%emt 0:00:30]} 31. exf5 {[%emt 0:00:07]} e4 {[%emt 0:00:47]} 32. Bxg4 {[%emt 0:01:38]} hxg4 {[%emt 0:00:01]} 0-1

[Event "106th British-ch Major 2019"]
[Site "Torquay"]
[Date "2019.07.28"]
[Round "2.2"]
[White "Brown, Tom"]
[Black "Taylor, Adam A"]
[Result "1/2-1/2"]
[WhiteElo "1953"]
[BlackElo "2168"]
[Annotator "NA"]
[PlyCount "63"]
[EventDate "2019.07.27"]
[EventType "swiss"]
[EventCountry "GBR"]
[SourceTitle "playchess.com"]
[Source "ChessBase"]
[SourceQuality "1"]
[TimeControl "40/5400+30:1800+30"]

1. d4 {[%emt 0:00:00]} Nf6 {[%emt 0:00:00]} 2. c4 {[%emt 0:00:00]} e6 {[%emt 0:00:00]} 3. Nc3 {[%emt 0:00:00]} Bb4 {[%emt 0:00:06]} 4. e3 {[%emt 0:00:18]} d5 {[%emt 0:02:49]} 5. Nf3 {[%emt 0:00:52]} O-O {[%emt 0:00:38]} 6. Bd3 {[%emt 0:00:52]} c5 {[%emt 0:15:08]} 7. O-O {[%emt 0:01:15]} dxc4 {[%emt 0:18:21]} 8. Bxc4 {[%emt 0:01:21]} Nbd7 {[%emt 0:00:23]} 9. a3 {[%emt 0:03:19]} Bxc3 {[%emt 0:01:26]} 10. bxc3 {[%emt 0:00:11]} b6 {[%emt 0:03:02]} 11. a4 {[%emt 0:06:41]} Bb7 {[%emt 0:00:57]} 12. Ba3 {[%emt 0:06:04]} Qc7 {[%emt 0:00:51]} 13. Rc1 {[%emt 0:05:41]} Rad8 {[%emt 0:04:28]} 14. Qe2 {[%emt 0:05:03]} e5 {[%emt 0:26:26]} 15. Rfd1 {[%emt 0:07:27]} e4 {[%emt 0:03:03]} 16. Nd2 {[%emt 0:02:03]} Rfe8 {[%emt 0:02:57]} 17. Nb3 {[%emt 0:06:01]} Bc6 {[%emt 0:07:34]} 18. a5 {[%emt 0:08:38]} Ba4 {[%emt 0:01:16]} 19. Bxf7+ {[%emt 0:01:59]} Kxf7 {[%emt 0:00:14]} 20. Qc4+ {[%emt 0:00:09]} Kg6 {[%emt 0:00:29]} 21. Qxa4 {[%emt 0:00:26]} c4 {[%emt 0:03:59]} 22. Nd2 {[%emt 0:03:13]} Rc8 {[%emt 0:00:02]} 23. axb6 {[%emt 0:07:07]} axb6 {[%emt 0:00:05]} 24. Qc2 {[%emt 0:01:12]} Ra8 {[%emt 0:06:32]} 25. Ra1 {[%emt 0:02:29]} Qc6 {[%emt 0:00:39]} 26. Bb4 {[%emt 0:02:10]} Kf7 {[%emt 0:00:38]} 27. Ra2 {[%emt 0:01:05]} Rxa2 {[%emt 0:00:44]} 28. Qxa2 {[%emt 0:00:03]} b5 {[%emt 0:00:02]} 29. Ra1 {[%emt 0:01:38]} Nd5 {[%emt 0:00:21]} 30. Qb2 {[%emt 0:03:48]} Kg8 {[%emt 0:00:28]} 31. h3 {[%emt 0:01:32]} N7b6 {[%emt 0:00:41]} 32. Ra3 {[%emt 0:06:59]} 1/2-1/2

[Event "106th British-ch Major 2019"]
[Site "Torquay"]
[Date "2019.07.28"]
[Round "2.3"]
[White "Graham, David B"]
[Black "Cleary, Mark"]
[Result "1-0"]
[WhiteElo "2162"]
[BlackElo "2023"]
[Annotator "NA"]
[PlyCount "69"]
[EventDate "2019.07.27"]
[EventType "swiss"]
[EventCountry "GBR"]
[SourceTitle "playchess.com"]
[Source "ChessBase"]
[SourceQuality "1"]
[TimeControl "40/5400+30:1800+30"]

1. e4 {[%emt 0:00:00]} e5 {[%emt 0:00:00]} 2. Nf3 {[%emt 0:00:00]} Nc6 {[%emt 0:00:00]} 3. Bc4 {[%emt 0:00:00]} Nf6 {[%emt 0:00:00]} 4. d3 {[%emt 0:00:00]} Be7 {[%emt 0:00:00]} 5. O-O {[%emt 0:02:02]} O-O {[%emt 0:00:12]} 6. Re1 {[%emt 0:00:59]} d6 {[%emt 0:00:17]} 7. a4 {[%emt 0:01:18]} Na5 {[%emt 0:05:41]} 8. Ba2 {[%emt 0:00:10]} c5 {[%emt 0:00:23]} 9. c3 {[%emt 0:03:29]} Nc6 {[%emt 0:03:36]} 10. Na3 {[%emt 0:00:42]} Bg4 {[%emt 0:09:05]} 11. Nc4 {[%emt 0:07:08]} Ne8 {[%emt 0:06:03]} 12. Ne3 {[%emt 0:04:48]} Bxf3 {[%emt 0:02:25]} 13. Qxf3 {[%emt 0:00:21]} Bg5 {[%emt 0:00:35]} 14. Nf5 {[%emt 0:15:44]} Bxc1 {[%emt 0:08:01]} 15. Raxc1 {[%emt 0:00:05]} Qf6 {[%emt 0:03:09]} 16. Qh3 {[%emt 0:07:15]} Nc7 {[%emt 0:07:32]} 17. Ne3 {[%emt 0:09:45]} Ne6 {[%emt 0:16:23]} 18. Nd5 {[%emt 0:02:37]} Qg5 {[%emt 0:02:00]} 19. Rcd1 {[%emt 0:02:27]} Kh8 {[%emt 0:02:04]} 20. Qf5 {[%emt 0:03:59]} h6 {[%emt 0:03:39]} 21. Re3 {[%emt 0:05:17]} Nf4 {[%emt 0:03:34]} 22. Qxg5 {[%emt 0:03:08]} hxg5 {[%emt 0:00:13]} 23. Nc7 {[%emt 0:05:46]} Rad8 {[%emt 0:02:21]} 24. g3 {[%emt 0:00:36]} Ng6 {[%emt 0:01:15]} 25. Rf3 {[%emt 0:04:24]} Rd7 {[%emt 0:00:58]} 26. Nd5 {[%emt 0:00:11]} Kh7 {[%emt 0:04:50]} 27. Kg2 {[%emt 0:01:53]} g4 {[%emt 0:07:21]} 28. Rf5 {[%emt 0:02:23]} Kh6 {[%emt 0:00:05]} 29. Rh1 {[%emt 0:03:08]} Nge7 {[%emt 0:08:53]} 30. Nxe7 {[%emt 0:01:55]} Rxe7 {[%emt 0:00:46]} 31. h3 {[%emt 0:00:25]} gxh3+ {[%emt 0:00:25]} 32. Rxh3+ {[%emt 0:00:03]} Kg6 {[%emt 0:00:08]} 33. f4 {[%emt 0:03:07]} f6 {[%emt 0:01:04]} 34. Rfh5 {[%emt 0:00:56]} f5 {[%emt 0:00:33]} 35. Rg5+ {[%emt 0:00:19]} 1-0

[Event "106th British-ch Major 2019"]
[Site "Torquay"]
[Date "2019.07.28"]
[Round "2.4"]
[White "Barton, R Alan"]
[Black "Ethelontis, Alexandros N"]
[Result "1/2-1/2"]
[WhiteElo "1941"]
[BlackElo "2154"]
[Annotator "NA"]
[PlyCount "56"]
[EventDate "2019.07.27"]
[EventType "swiss"]
[EventCountry "GBR"]
[SourceTitle "playchess.com"]
[Source "ChessBase"]
[SourceQuality "1"]
[TimeControl "40/5400+30:1800+30"]

1. Nf3 {[%emt 0:00:00]} Nf6 {[%emt 0:00:00]} 2. c4 {[%emt 0:00:15]} e6 {[%emt 0:00:00]} 3. b3 {[%emt 0:00:46]} d5 {[%emt 0:00:30]} 4. Bb2 {[%emt 0:00:05]} a5 {[%emt 0:00:36]} 5. e3 {[%emt 0:05:57]} c6 {[%emt 0:04:40]} 6. Nc3 {[%emt 0:02:56]} Nbd7 {[%emt 0:01:39]} 7. d4 {[%emt 0:00:32]} Bb4 {[%emt 0:09:46]} 8. a3 {[%emt 0:05:24]} Bxc3+ {[%emt 0:01:00]} 9. Bxc3 {[%emt 0:00:05]} Ne4 {[%emt 0:00:16]} 10. Qc2 {[%emt 0:03:09]} O-O {[%emt 0:06:25]} 11. Bd3 {[%emt 0:01:33]} f5 {[%emt 0:02:27]} 12. h4 {[%emt 0:09:34]} Ndf6 {[%emt 0:09:19]} 13. Ne5 {[%emt 0:02:38]} Nd7 {[%emt 0:05:21]} 14. Nf3 {[%emt 0:03:47]} Ndf6 {[%emt 0:07:13]} 15. Ne5 {[%emt 0:00:05]} Bd7 {[%emt 0:00:21]} 16. c5 {[%emt 0:06:38]} Be8 {[%emt 0:05:00]} 17. f3 {[%emt 0:03:19]} Ng3 {[%emt 0:08:33]} 18. Rh3 {[%emt 0:00:49]} Nfh5 {[%emt 0:00:16]} 19. O-O-O {[%emt 0:09:32]} g5 {[%emt 0:01:36]} 20. hxg5 {[%emt 0:08:22]} Qxg5 {[%emt 0:00:13]} 21. f4 {[%emt 0:02:40]} Qg7 {[%emt 0:04:01]} 22. Be1 {[%emt 0:02:28]} Kh8 {[%emt 0:03:49]} 23. Qf2 {[%emt 0:02:39]} Rg8 {[%emt 0:00:28]} 24. Nf3 {[%emt 0:03:38]} Qe7 {[%emt 0:06:09]} 25. Ng5 {[%emt 0:01:59]} h6 {[%emt 0:01:45]} 26. Nf3 {[%emt 0:06:04]} Kh7 {[%emt 0:02:37]} 27. Ne5 {[%emt 0:00:54]} Qg7 {[%emt 0:01:59]} 28. Qf3 {[%emt 0:01:07]} Ra7 {[%emt 0:04:06]} 1/2-1/2

[Event "106th British-ch Major 2019"]
[Site "Torquay"]
[Date "2019.07.28"]
[Round "2.5"]
[White "Guthrie, David W"]
[Black "Mueller, Jens"]
[Result "1-0"]
[WhiteElo "2142"]
[BlackElo "1965"]
[Annotator "TA"]
[PlyCount "141"]
[EventDate "2019.07.27"]
[EventType "swiss"]
[EventCountry "GBR"]
[SourceTitle "playchess.com"]
[Source "ChessBase"]
[SourceQuality "1"]

{[%evp 23,141,23,31,22,53,31,37,40,34,27,43,50,125,116,172,94,167,0,196,197,281,42,89,72,92,97,75,87,79,70,89,65,54,58,109,117,112,96,123,87,125,65,138,131,125,130,163,165,201,197,185,45,64,45,53,6,6,9,9,0,0,0,0,0,0,-260,-237,-216,-133,-360,-364,-337,-325,-553,-172,-455,0,0,0,0,0,0,0,0,0,0,0,0,0,0,0,0,0,0,8,8,8,8,29976,29977,29976,0,29977,29979,29985,29986,29986,29987,29987,29988,29988,29989,29989,29990,29990,29990,29990,29991,29992,29993]} 1. d4 g6 2. c4 Bg7 3. e4 d6 4. Nc3 Nf6 5. Be2 O-O 6. Nf3 e5 7. O-O Nc6 8. d5 Ne7 9. b4 a5 10. Ba3 b6 11. bxa5 Rxa5 12. Bb4 Ra8 13. a4 {E97: King's Indian: Classical Main Line (6...e5 7 0-0 Nc6): 8 Be3 and 8 d5 Ne7, not 9 Ne1} Ba6 (13... Ne8 14. Qb3 Rb8 15. Nb5 f5 16. Nd2 fxe4 17. Nxe4 Nf5 18. a5 bxa5 19. Bxa5 Nd4 20. Qd3 Bf5 21. f3 Kh8 22. Bc3 Nxb5 23. cxb5 {½-½ (42) Ding,L (2702)-Radjabov,T (2793) Beijing 2012}) 14. a5 bxa5 15. Bxa5 {White is slightly better.} Qd7 16. Qc2 Nh5 $146 ({Predecessor:} 16... Ra7 17. Nb5 Bxb5 18. cxb5 {½-½ (17) Vetter,U (1648)-Nieder,H (1640) GER email 2008}) 17. g3 h6 (17... c6 $14) 18. Nb5 $16 Rfc8 (18... Bxb5 $16 {keeps fighting.} 19. cxb5 Ra7) 19. Rfb1 (19. Nxc7 $1 $18 Ra7 20. Nxa6 Rxa6 21. Nd2) 19... Nf6 (19... Bxb5 $16 20. cxb5 f5) 20. c5 $2 ({White should play} 20. Nxc7 $18 Rxc7 21. Bxc7 Qxc7 22. c5) 20... Ne8 $2 (20... Bxb5 $1 $11 {and Black has nothing to worry.} 21. Bxb5 Qg4) 21. c6 $18 Qd8 {[#]} (21... Qh3 $142 22. Kh1 Bxb5) 22. Bd2 $2 (22. Nxc7 $1 $18 {[%mdl 512]} Rxc7 23. Bxa6 (23. Bxc7 Nxc7 24. Bxa6 Nxa6 $18) 23... Nxd5 24. exd5) 22... Rcb8 23. Be3 Bxb5 24. Rxa8 Rxa8 25. Rxb5 Qc8 26. Kg2 Rb8 27. Nd2 Rxb5 28. Bxb5 h5 (28... f5 $14) 29. Nf3 $16 f6 30. Be2 Kh7 31. Qd2 Ng8 32. Nh4 (32. Qb2 $16) 32... Qd8 (32... Bh6 $1 $14) 33. f4 exf4 34. gxf4 f5 35. Nf3 {Threatens to win with Ng5+.} (35. exf5 Qxh4 36. fxg6+ Kh8 $17) 35... Bh6 36. exf5 gxf5 37. Nd4 (37. Ng5+ $18 Kg6 38. Qd3) 37... Ng7 $14 38. Bd3 Qf6 39. Nf3 (39. Nb5 $5 {[%cal Rb5c7]}) 39... Ne7 40. Bc4 Ng6 41. Kg3 h4+ 42. Kf2 Nh5 {[%cal Rh6f4]} 43. Bd4 Qe7 44. Ng5+ $2 {[%mdl 8192]} (44. Qc2 $11 {and White is okay.}) 44... Bxg5 $1 $19 45. fxg5 Nhf4 46. Qa5 $2 (46. Qe3 $17 {is a better defense.} Qxg5 47. Bf1) 46... Nh3+ ({Weaker is} 46... Qxg5 47. Qxc7+ Ne7 48. Ke1 $11) 47. Kf1 {With the idea Bf6.} Nxg5 48. Bd3 $2 (48. Ba1 Qe4 49. Qxc7+ Ne7 50. Ba6) 48... Ne4 $2 (48... Nf3 49. Bb2 Qe3 50. Bxf5 (50. Qxc7+ {leads to mate.} Kh6 51. Qg7+ Kh5 52. Qh7+ Kg5 53. Bf6+ Kxf6 54. Qh6 Nxh2+ 55. Kg2 Qg3+ 56. Kh1 Nf3 57. Qxg6+ Qxg6 58. Bf1 Qg1#) 50... Nd2+ 51. Qxd2 Qxd2) 49. Qa8 $2 (49. Qe1) 49... Ne5 $2 (49... Nd2+ $2 50. Kf2 $19) ({Better is} 49... Qg5 $19 {( -> ...Qf4+)} 50. Qa5 Qc1+ 51. Qe1 Nd2+ 52. Kf2 Qxe1+ {[%mdl 64] Overworked Piece} 53. Kxe1 Nf3+ {[%mdl 64] Double Attack} 54. Kf2 Nxd4) 50. Qc8 $11 Qf7 ({Wrong is} 50... Nxd3 $2 51. Qd7 $18) 51. Bxe5 dxe5 52. Qd7 Nd6 $1 {Strongly threatening ...Kg6.} 53. Qxf7+ Nxf7 54. Bxf5+ {[%mdl 4096] Endgame KB-KN} Kh6 55. Ke2 Kg5 56. Be6 Nd6 57. Ke3 Kf6 58. Kf3 Nb5 59. Kg4 Nd4 60. Kxh4 {Hoping for Kg4.} Nxe6 $2 {[%mdl 8192]} (60... e4 $11) 61. dxe6 Kxe6 {[#] KPP-KPP} 62. Kg4 $2 (62. Kg3 $1 {mates} Kd6 63. h4 Ke7 64. h5 Kf6 65. Kf3 Kf5 66. h6 Kg6 67. Ke4) 62... Kd6 $2 {[%mdl 8192] [#]} (62... e4 $11) 63. h4 $1 {White mates.} Kxc6 {KPP-KP} 64. h5 Kd5 65. h6 c5 66. h7 c4 67. h8=Q c3 68. Kf5 Kc4 69. Qh1 c2 70. Kxe5 Kb3 71. Qc1 {Accuracy: White = 43%, Black = 38%.} 1-0